The Johns Hopkins Atlas Of Humn Functional Anatomy (Record no. 19106)
[ view plain ]
| 000 -LEADER | |
|---|---|
| fixed length control field | 00345nam a2200121Ia 4500 |
| 008 - FIXED-LENGTH DATA ELEMENTS--GENERAL INFORMATION | |
| fixed length control field | 241014s9999||||xx |||||||||||||| ||und|| |
| 020 ## - INTERNATIONAL STANDARD BOOK NUMBER | |
| International Standard Book Number | 0-8018-3282-9 |
| 060 ## - NATIONAL LIBRARY OF MEDICINE CALL NUMBER | |
| Classification number | QS 17 S 1986 |
| 100 ## - MAIN ENTRY--PERSONAL NAME | |
| Personal name | Schlossberg, Leon |
| 245 #4 - TITLE STATEMENT | |
| Title | The Johns Hopkins Atlas Of Humn Functional Anatomy |
| 260 ## - PUBLICATION, DISTRIBUTION, ETC. | |
| Name of publisher, distributor, etc. | The Johan hopkins university Press. |
| 942 ## - ADDED ENTRY ELEMENTS (KOHA) | |
| -- | SPH |
| Koha item type | Books |
No items available.